Principios de filosofía del lenguaje
Sparad:
| Huvudupphovsman: | |
|---|---|
| Materialtyp: | Bok |
| Språk: | spanska |
| Publicerad: |
Madrid
Alianza
1980
|
| Serie: | Alianza Universidad. Textos
|
| Ämnen: | |
| Taggar: |
Lägg till en tagg
Inga taggar, Lägg till första taggen!
|
MARC
| LEADER | 00000nam a2200000 a 4500 | ||
|---|---|---|---|
| 001 | UCQ6047 | ||
| 003 | CL-VaPUC | ||
| 008 | 981009e19800000SP |||||||||||||||||spa|d | ||
| 082 | 0 | 4 | |a 401 |b HIE |2 21 |
| 100 | |a Hierro S. Pescador, José |e author |9 504003 | ||
| 245 | 1 | 0 | |a Principios de filosofía del lenguaje |
| 300 | |a 2 v | ||
| 942 | |c BK | ||
| 945 | |d 19981009 00:00:00 |a cmena | ||
| 260 | |a Madrid |b Alianza |c 1980 | ||
| 500 | |a v.1: Teoría de los signos, teoría de la gramática, epistemología del lenguaje | ||
| 500 | |a v.2: Teoría del significado | ||
| 650 | 0 | |a Lingüística |9 265068 | |
| 650 | 0 | |a Filosofía del lenguaje |9 257082 | |
| 650 | 7 | |a TEORIA LINGUISTICA |2 CL-VaPUC |9 334835 | |
| 650 | 0 | |a Gramática |9 270497 | |
| 650 | 0 | |a Epistemología |9 264994 | |
| 650 | 0 | |a Semántica |9 265318 | |
| 583 | |a last modification |c 19981009 00:00:00 |k Rodrigo Vera | ||
| 490 | 0 | |a Alianza Universidad. Textos | |
| 999 | |c 276050 |d 276048 | ||
| 952 | |0 0 |1 0 |4 0 |6 401_000000000000000_HIE_1980 |7 0 |8 A |9 313163 |a FDOPOS |b FDOPOS |d 2019-11-20 |h v.1 |i 1479229 |o 401 HIE 1980 |p 1479229 |r 2025-01-22 |w 2019-11-20 |y BK |k MLA | ||
| 952 | |0 0 |1 0 |4 0 |6 401_000000000000000_HIE_1980 |7 0 |8 A |9 313164 |a FDOPOS |b FDOPOS |d 2019-11-20 |h v.2 |i 1479237 |o 401 HIE 1980 |p 1479237 |r 2025-01-22 |w 2019-11-20 |y BK |k MLA | ||